[Event "Olimpiada de Khanty-Mansiysk 2010"]
[Site "Khanty-Mansiysk RUS"]
[Date "2010.09.25"]
[Round "5"]
[White "Alekseev, Evgeny"]
[Black "Akopian, Vladimir"]
[Result "1/2-1/2"]
[WhiteElo "2691"]
[BlackElo "2691"]
[PlyCount "137"]
[EventDate "2010.09.21"]
[EventType "team"]
[EventRounds "11"]
[EventCountry "RUS"]
[Source "lmi"]
[SourceDate "2010.09.21"]
[WhiteTeam "RU2"]
[BlackTeam "Armenia"]
[BlackTeamCountry "ARM"]

1. e4 c5 2. Nf3 e6 3. d4 cxd4 4. Nxd4 a6 5. Bd3 Nf6 6. O-O Qc7 7. Qe2 d6 8. c4
g6 9. Nc3 Bg7 10. Nf3 O-O 11. Bf4 Nh5 12. Bd2 Nd7 13. Rac1 b6 14. Bg5 h6 15.
Be3 Bb7 16. Qd2 Kh7 17. Rfd1 Rad8 18. Bb1 Ne5 19. Nxe5 dxe5 20. Qc2 f5 21. Qb3
Rd4 22. Ne2 fxe4 23. Nxd4 exd4 24. Bxd4 Nf4 25. Qe3 Nxg2 26. Kxg2 Rf3 27. Qe2
e3 28. Qxf3 Bxf3+ 29. Kxf3 exf2 30. Bxf2 Bxb2 31. Rc2 Qc6+ 32. Ke3 Bf6 33. Bg3
h5 34. Rf2 Qc5+ 35. Kf3 h4 36. Kg2 h3+ 37. Kf1 Qxc4+ 38. Bd3 Qa4 39. Rc1 Bg5
40. Rc7+ Kh6 41. Bc2 Qb5+ 42. Re2 Qd5 43. Be4 Qd4 44. Rf7 Qa1+ 45. Be1 Bh4 46.
Rf3 Bxe1 47. Rxe1 Qxa2 48. Rxh3+ Kg7 49. Re2 Qc4 50. Rg3 a5 51. Bd3 Qc1+ 52.
Kg2 Qc6+ 53. Kf2 a4 54. h4 a3 55. Bxg6 Kf6 56. h5 Qc5+ 57. Kf1 b5 58. Rge3 Qc4
59. Bb1 Qc1+ 60. Re1 Qc4+ 61. R3e2 b4 62. h6 b3 63. h7 Kg7 64. Rd1 Qh4 65. Rd7+
Kf6 66. Rf2+ Ke5 67. Re2+ Kf6 68. Rf2+ Ke5 69. Re2+ 1/2-1/2

[Event "Olimpiada de Khanty-Mansiysk 2010"]
[Site "Khanty-Mansiysk RUS"]
[Date "2010.09.25"]
[Round "5"]
[White "Sargissian, Gabriel"]
[Black "Vitiugov, Nikita"]
[Result "1/2-1/2"]
[WhiteElo "2677"]
[BlackElo "2709"]
[PlyCount "76"]
[EventDate "2010.09.21"]
[EventType "team"]
[EventRounds "11"]
[EventCountry "RUS"]
[Source "lmi"]
[SourceDate "2010.09.21"]
[WhiteTeam "Armenia"]
[BlackTeam "RU2"]
[WhiteTeamCountry "ARM"]

1. d4 Nf6 2. c4 e6 3. Nf3 Bb4+ 4. Bd2 Qe7 5. g3 Nc6 6. Nc3 Bxc3 7. Bxc3 Ne4 8.
Qc2 Nxc3 9. Qxc3 Qb4 10. Rc1 Qxc3+ 11. Rxc3 d6 12. Bg2 Ke7 13. d5 Nb8 14. dxe6
fxe6 15. c5 Nc6 16. e3 Bd7 17. Nd4 Rab8 18. Bxc6 bxc6 19. b3 Rhc8 20. f4 a5 21.
a3 Rb7 22. O-O e5 23. cxd6+ cxd6 24. fxe5 dxe5 25. Nf3 Be6 26. Nxe5 c5 27. Rb1
c4 28. b4 axb4 29. axb4 Bd5 30. e4 Kd6 31. Ng4 Be6 32. e5+ Ke7 33. Ne3 Rb5 34.
Kf2 Rxe5 35. b5 Rb8 36. b6 Rc5 37. Rb4 Rc6 38. Nxc4 Rxc4 1/2-1/2

[Event "Olimpiada de Khanty-Mansiysk 2010"]
[Site "Khanty-Mansiysk RUS"]
[Date "2010.09.25"]
[Round "5"]
[White "Timofeev, Artyom"]
[Black "Pashikian, Arman"]
[Result "0-1"]
[WhiteElo "2690"]
[BlackElo "2639"]
[PlyCount "86"]
[EventDate "2010.09.21"]
[EventType "team"]
[EventRounds "11"]
[EventCountry "RUS"]
[Source "lmi"]
[SourceDate "2010.09.21"]
[WhiteTeam "RU2"]
[BlackTeam "Armenia"]
[BlackTeamCountry "ARM"]

1. e4 e5 2. Nf3 Nc6 3. Bb5 Nf6 4. O-O Nxe4 5. d4 Nd6 6. Bxc6 dxc6 7. dxe5 Nf5
8. Qxd8+ Kxd8 9. Nc3 Ke8 10. h3 h5 11. Rd1 Be7 12. Ne2 Be6 13. Nf4 Bc8 14. b3
g5 15. Ne2 Rg8 16. a4 Be6 17. Nfd4 Rd8 18. Bb2 Bc8 19. Rd3 c5 20. Nxf5 Bxf5 21.
Rxd8+ Kxd8 22. Rc1 Kc8 23. Ng3 Bg6 24. Nf1 g4 25. hxg4 hxg4 26. Bc3 Rd8 27. Ne3
Bg5 28. Kf1 g3 29. Ke2 gxf2 30. Kxf2 Kd7 31. Rd1+ Ke6 32. Rxd8 Bxd8 33. Bb2 Bg5
34. c4 Be4 35. g3 a5 36. Nd5 Bxd5 37. cxd5+ Kxd5 38. Kf3 c6 39. Kg4 Be3 40. Bc3
b6 41. Kf5 Bd4 42. Be1 Bxe5 43. g4 Bd4 0-1

[Event "Olimpiada de Khanty-Mansiysk 2010"]
[Site "Khanty-Mansiysk RUS"]
[Date "2010.09.25"]
[Round "5"]
[White "Le, Quang Liem"]
[Black "Jobava, Baadur"]
[Result "0-1"]
[WhiteElo "2694"]
[BlackElo "2710"]
[PlyCount "90"]
[EventDate "2010.09.21"]
[EventType "team"]
[EventRounds "11"]
[EventCountry "RUS"]
[Source "lmi"]
[SourceDate "2010.09.21"]
[WhiteTeam "Vietnam"]
[BlackTeam "Georgia"]
[WhiteTeamCountry "VIE"]
[BlackTeamCountry "GEO"]

1. d4 Nf6 2. c4 e6 3. Nf3 Bb4+ 4. Bd2 Bxd2+ 5. Qxd2 d5 6. Nc3 O-O 7. e3 Qe7 8.
Qc2 Rd8 9. Rd1 a6 10. a3 h6 11. cxd5 exd5 12. h3 Nbd7 13. g4 c5 14. Bg2 c4 15.
a4 Rb8 16. a5 b5 17. axb6 Rxb6 18. O-O Bb7 19. Nd2 Nf8 20. Rfe1 Ne6 21. f4 Rb8
22. Rb1 Bc6 23. Nf3 Nd7 24. Qc1 Nc7 25. Ne5 Nxe5 26. dxe5 Nb5 27. Na4 R6b7 28.
Ra1 Nc7 29. Re2 Ne6 30. Nc3 Qc5 31. Rf2 d4 32. exd4 Nxd4 33. Bxc6 Nxc6 34. Na4
Qd4 35. Qd2 Qa7 36. Qd5 Nb4 37. Qxc4 Rc7 38. Qe4 Rc2 39. Raf1 Rd8 40. Qxb4 Rxf2
41. Rxf2 Rd1+ 42. Kg2 Qa8+ 43. Rf3 Rd3 44. Qb8+ Qxb8 45. Rxd3 Qb4 0-1

[Event "Olimpiada de Khanty-Mansiysk 2010"]
[Site "Khanty-Mansiysk RUS"]
[Date "2010.09.25"]
[Round "5"]
[White "Nguyen, Anh Dung"]
[Black "Mchedlishvili, Mikheil"]
[Result "1/2-1/2"]
[WhiteElo "2500"]
[BlackElo "2628"]
[PlyCount "24"]
[EventDate "2010.09.21"]
[EventType "team"]
[EventRounds "11"]
[EventCountry "RUS"]
[Source "lmi"]
[SourceDate "2010.09.21"]
[WhiteTeam "Vietnam"]
[BlackTeam "Georgia"]
[WhiteTeamCountry "VIE"]
[BlackTeamCountry "GEO"]

1. d4 Nf6 2. Nf3 d5 3. c4 c6 4. cxd5 cxd5 5. Nc3 Nc6 6. Bf4 a6 7. e3 Bg4 8. h3
Bxf3 9. Qxf3 e6 10. Bd3 Bd6 11. Bg5 h6 12. Bxf6 Qxf6 1/2-1/2

[Event "Olimpiada de Khanty-Mansiysk 2010"]
[Site "Khanty-Mansiysk RUS"]
[Date "2010.09.25"]
[Round "5"]
[White "Leko, Peter"]
[Black "Grischuk, Alexander"]
[Result "1-0"]
[WhiteElo "2724"]
[BlackElo "2760"]
[PlyCount "105"]
[EventDate "2010.09.21"]
[EventType "team"]
[EventRounds "11"]
[EventCountry "RUS"]
[Source "lmi"]
[SourceDate "2010.09.21"]
[WhiteTeam "Hungría"]
[BlackTeam "RU1"]
[WhiteTeamCountry "HUN"]

1. d4 Nf6 2. c4 e6 3. Nf3 d5 4. g3 dxc4 5. Bg2 Nc6 6. Qa4 Bb4+ 7. Bd2 Nd5 8.
Bxb4 Ndxb4 9. Nc3 Bd7 10. O-O a5 11. Qd1 O-O 12. Nd2 Nxd4 13. Bxb7 Rb8 14. Bg2
Bc8 15. Nxc4 c5 16. e3 Ba6 17. b3 Nf5 18. Qe2 Qc7 19. Rfd1 Rfd8 20. Rxd8+ Rxd8
21. Rd1 Rxd1+ 22. Qxd1 Bxc4 23. bxc4 Qd6 24. Qa4 h6 25. a3 Nd3 26. Nb5 Qd8 27.
Qd1 Qd7 28. g4 Ne7 29. f4 Ne5 30. Qxd7 Nxd7 31. Nd6 Nb6 32. Bb7 Kf8 33. Kf2 f5
34. h3 g5 35. Ba6 gxf4 36. exf4 fxg4 37. hxg4 Nc6 38. Nb7 e5 39. Bb5 Nd4 40.
fxe5 Ke7 41. Nxc5 Nc2 42. a4 Na3 43. Ke3 Nbxc4+ 44. Kd4 Nxb5+ 45. Kxc4 Nc7 46.
Nd3 Ke6 47. Kd4 Ke7 48. Kc5 Kd7 49. Nf4 Na6+ 50. Kb6 Nb8 51. e6+ Kd6 52. Kxa5
Kc5 53. Ng6 1-0

[Event "Olimpiada de Khanty-Mansiysk 2010"]
[Site "Khanty-Mansiysk RUS"]
[Date "2010.09.25"]
[Round "5"]
[White "Polgar, Judit"]
[Black "Karjakin, Sergey"]
[Result "1/2-1/2"]
[WhiteElo "2682"]
[BlackElo "2747"]
[PlyCount "30"]
[EventDate "2010.09.21"]
[EventType "team"]
[EventRounds "11"]
[EventCountry "RUS"]
[Source "lmi"]
[SourceDate "2010.09.21"]
[WhiteTeam "Hungría"]
[BlackTeam "RU1"]
[WhiteTeamCountry "HUN"]

1. e4 e5 2. Nf3 Nc6 3. Bb5 Nf6 4. O-O Nxe4 5. d4 Nd6 6. Bxc6 dxc6 7. dxe5 Nf5
8. Qxd8+ Kxd8 9. Nc3 Ke8 10. h3 h5 11. Rd1 Be7 12. Ne2 Be6 13. Nf4 Bc8 14. Ne2
Be6 15. Nf4 Bc8 1/2-1/2

[Event "Olimpiada de Khanty-Mansiysk 2010"]
[Site "Khanty-Mansiysk RUS"]
[Date "2010.09.25"]
[Round "5"]
[White "Smeets, Jan"]
[Black "Socko, Bartosz"]
[Result "1/2-1/2"]
[WhiteElo "2669"]
[BlackElo "2657"]
[PlyCount "116"]
[EventDate "2010.09.21"]
[EventType "team"]
[EventRounds "11"]
[EventCountry "RUS"]
[Source "lmi"]
[SourceDate "2010.09.21"]
[WhiteTeam "Holanda"]
[BlackTeam "Polonia"]
[WhiteTeamCountry "NED"]
[BlackTeamCountry "POL"]

1. e4 e6 2. d4 d5 3. Nc3 Nf6 4. Bg5 Bb4 5. e5 h6 6. Bd2 Bxc3 7. bxc3 Ne4 8. Qg4
Kf8 9. Bd3 Nxd2 10. Kxd2 c5 11. h4 c4 12. Be2 b5 13. Qf4 a5 14. a3 Nc6 15. Nf3
Qe7 16. h5 Rb8 17. g4 Ke8 18. Rhg1 b4 19. axb4 axb4 20. Qe3 f6 21. cxb4 Qxb4+
22. Qc3 Kf7 23. Qxb4 Rxb4 24. Rgb1 Rxb1 25. Rxb1 Bd7 26. Ra1 Rb8 27. Ke3 Ke7
28. Bd1 c3 29. Be2 Rb4 30. Kd3 Rc4 31. Ke3 Rb4 32. exf6+ gxf6 33. Kd3 e5 34.
Kxc3 Bxg4 35. Ra6 exd4+ 36. Nxd4 Nxd4 37. Bxg4 Rc4+ 38. Kd2 Rxc2+ 39. Ke3 Nc6
40. Bd1 Rc3+ 41. Kd2 d4 42. Ra4 Rc5 43. f4 Rf5 44. Rc4 Nd8 45. Rxd4 Ne6 46. Re4
Rxf4 47. Rxf4 Nxf4 48. Ke3 Nd5+ 49. Kd4 Kd6 50. Bb3 Ne7 51. Ke4 Kc6 52. Be6 Kc5
53. Bf7 Kb4 54. Kd4 Nf5+ 55. Kd5 Ng7 56. Kd6 Kc3 57. Ke7 f5 58. Kf6 Nxh5+
1/2-1/2

[Event "Olimpiada de Khanty-Mansiysk 2010"]
[Site "Khanty-Mansiysk RUS"]
[Date "2010.09.25"]
[Round "5"]
[White "Efimenko, Zahar"]
[Black "Stojanovic, Dalibor"]
[Result "1-0"]
[WhiteElo "2683"]
[BlackElo "2496"]
[PlyCount "51"]
[EventDate "2010.09.21"]
[EventType "team"]
[EventRounds "11"]
[EventCountry "RUS"]
[Source "lmi"]
[SourceDate "2010.09.21"]
[WhiteTeam "Ucrania"]
[BlackTeam "Bosnia Herzegovina"]
[WhiteTeamCountry "UKR"]
[BlackTeamCountry "BIH"]

1. e4 e5 2. Nf3 Nc6 3. Bb5 a6 4. Ba4 Nf6 5. d3 b5 6. Bb3 Be7 7. a4 Rb8 8. O-O
d6 9. c3 O-O 10. Nbd2 Na5 11. Ba2 c5 12. Re1 Qc7 13. Nf1 c4 14. axb5 axb5 15.
Bg5 Be6 16. Ne3 Rfc8 17. d4 Bd8 18. Bb1 Nb3 19. Ra6 Ra8 20. Rxa8 Rxa8 21. dxe5
dxe5 22. Nd5 Qb8 23. Nxe5 Bxd5 24. exd5 h6 25. Bxf6 Bxf6 26. Qc2 1-0

[Event "Olimpiada de Khanty-Mansiysk 2010"]
[Site "Khanty-Mansiysk RUS"]
[Date "2010.09.25"]
[Round "5"]
[White "Guseinov, Gadir"]
[Black "Hillarp Persson, Tiger"]
[Result "1-0"]
[WhiteElo "2611"]
[BlackElo "2517"]
[PlyCount "79"]
[EventDate "2010.09.21"]
[EventType "team"]
[EventRounds "11"]
[EventCountry "RUS"]
[Source "lmi"]
[SourceDate "2010.09.21"]
[WhiteTeam "Azerbaiyán"]
[BlackTeam "Suecia"]
[WhiteTeamCountry "AZE"]
[BlackTeamCountry "SWE"]

1. e4 c5 2. Nf3 e6 3. d4 cxd4 4. Nxd4 a6 5. Nc3 b5 6. Bd3 Qb6 7. Nf3 Qc7 8. O-O
Bb7 9. Bd2 Be7 10. a4 b4 11. Na2 Nc6 12. Qe1 a5 13. c3 bxc3 14. Nxc3 Nb4 15.
Nb5 Qb8 16. Bxb4 Bxb4 17. Qc1 Kf8 18. Nc7 Ra7 19. Qf4 Ra8 20. Rac1 Nf6 21. Qg3
g6 22. Nxa8 Qxa8 23. Ne5 Kg7 24. Ng4 Nxg4 25. Qxg4 Bc6 26. b3 Qb8 27. Bb5 Bxb5
28. axb5 Qxb5 29. f4 Rf8 30. f5 Qe5 31. Rcd1 Bd6 32. Qh3 Rb8 33. Rd3 Bc5+ 34.
Kh1 Qxe4 35. f6+ Kg8 36. Rxd7 Bd4 37. Rxf7 h5 38. Re7 a4 39. f7+ Kf8 40. Rxe6
1-0

[Event "Olimpiada de Khanty-Mansiysk 2010"]
[Site "Khanty-Mansiysk RUS"]
[Date "2010.09.25"]
[Round "5"]
[White "Grandelius, Nils"]
[Black "Safarli, Eltaj"]
[Result "1-0"]
[WhiteElo "2500"]
[BlackElo "2607"]
[PlyCount "61"]
[EventDate "2010.09.21"]
[EventType "team"]
[EventRounds "11"]
[EventCountry "RUS"]
[Source "lmi"]
[SourceDate "2010.09.21"]
[WhiteTeam "Suecia"]
[BlackTeam "Azerbaiyán"]
[WhiteTeamCountry "SWE"]
[BlackTeamCountry "AZE"]

1. c4 Nf6 2. g3 g6 3. Bg2 d5 4. cxd5 Nxd5 5. Nc3 Nxc3 6. bxc3 Bg7 7. Rb1 Nc6 8.
h4 h6 9. Qa4 O-O 10. h5 g5 11. f4 e5 12. fxg5 Qxg5 13. g4 Rd8 14. Nh3 Qe7 15.
Nf2 Kh8 16. Be4 a6 17. Bc2 Be6 18. Rxb7 Nd4 19. cxd4 Rxd4 20. Qa5 Rc4 21. Kd1
Qd6 22. Be4 Rd8 23. Rh3 Bxg4 24. Nxg4 Rxe4 25. Rd3 Rd4 26. Rxd4 Qxd4 27. Qxc7
Qa4+ 28. Rb3 Qe8 29. Bb2 Rc8 30. Qd6 Rd8 31. Nf6 1-0

[Event "Olimpiada de Khanty-Mansiysk 2010"]
[Site "Khanty-Mansiysk RUS"]
[Date "2010.09.25"]
[Round "5"]
[White "Gonzalez Zamora, Juan Car"]
[Black "Laznicka, Viktor"]
[Result "0-1"]
[WhiteElo "2564"]
[BlackElo "2690"]
[PlyCount "82"]
[EventDate "2010.09.21"]
[EventType "team"]
[EventRounds "11"]
[EventCountry "RUS"]
[Source "lmi"]
[SourceDate "2010.09.21"]
[WhiteTeam "México"]
[BlackTeam "Chequia"]
[WhiteTeamCountry "MEX"]
[BlackTeamCountry "CZE"]

1. d4 d5 2. Bf4 Nf6 3. e3 c5 4. c3 Nc6 5. Nf3 Qb6 6. Qb3 c4 7. Qc2 Bf5 8. Qc1
Nh5 9. Bg3 f6 10. Nbd2 e5 11. dxe5 Nxg3 12. hxg3 Nxe5 13. Nxe5 fxe5 14. e4 Bg6
15. exd5 Bc5 16. Nxc4 Bxf2+ 17. Ke2 Qf6 18. Nxe5 O-O 19. Nxg6 Rae8+ 20. Kd3
Qxg6+ 21. Kc4 Re4+ 22. Kb3 Qb6+ 23. Kc2 Be3 24. Qe1 Rf2+ 25. Qxf2 Bxf2 26. Rd1
Bxg3 27. Bd3 Rh4 28. Rxh4 Bxh4 29. d6 Qc6 30. Kb3 Qd7 31. a4 a6 32. c4 Bf2 33.
Be4 Bc5 34. Rd5 Bxd6 35. a5 Qe7 36. Rd4 g6 37. Bd5+ Kg7 38. Re4 Qc7 39. Re6 Qc5
40. Kc2 Qb4 41. Kb1 Bc5 0-1

[Event "Olimpiada de Khanty-Mansiysk 2010"]
[Site "Khanty-Mansiysk RUS"]
[Date "2010.09.25"]
[Round "5"]
[White "Hracek, Zbynek"]
[Black "Hernandez Guerrero, Gilbe"]
[Result "1-0"]
[WhiteElo "2633"]
[BlackElo "2540"]
[PlyCount "79"]
[EventDate "2010.09.21"]
[EventType "team"]
[EventRounds "11"]
[EventCountry "RUS"]
[Source "lmi"]
[SourceDate "2010.09.21"]
[WhiteTeam "Chequia"]
[BlackTeam "México"]
[WhiteTeamCountry "CZE"]
[BlackTeamCountry "MEX"]

1. d4 Nf6 2. c4 g6 3. Nc3 Bg7 4. e4 d6 5. Nf3 O-O 6. Be2 c5 7. O-O cxd4 8. Nxd4
Nc6 9. Be3 Bd7 10. Nc2 Qa5 11. f3 Be6 12. Nd5 Rfc8 13. b4 Qd8 14. Rc1 Ne5 15.
Nd4 Bxd5 16. exd5 a5 17. a3 axb4 18. axb4 Ra2 19. Re1 Qd7 20. Nb5 Rb2 21. Bd2
h5 22. Bc3 Ra2 23. c5 Bh6 24. Ra1 Rca8 25. Bf1 h4 26. Rxa2 Rxa2 27. Qb3 Ra8 28.
Bxe5 dxe5 29. d6 Bf4 30. Bc4 Rf8 31. dxe7 Qxe7 32. Nd6 Kg7 33. Rd1 e4 34. fxe4
Ng4 35. g3 Be3+ 36. Kg2 h3+ 37. Kf3 Qg5 38. Ke2 Qh5 39. Rd5 Nxh2+ 40. Rxh5 1-0

[Event "Olimpiada de Khanty-Mansiysk 2010"]
[Site "Khanty-Mansiysk RUS"]
[Date "2010.09.25"]
[Round "5"]
[White "Bu, Xiangzhi"]
[Black "Markos, Jan"]
[Result "1/2-1/2"]
[WhiteElo "2695"]
[BlackElo "2566"]
[PlyCount "73"]
[EventDate "2010.09.21"]
[EventType "team"]
[EventRounds "11"]
[EventCountry "RUS"]
[Source "lmi"]
[SourceDate "2010.09.21"]
[WhiteTeam "China"]
[BlackTeam "Eslovaquia"]
[WhiteTeamCountry "CHN"]
[BlackTeamCountry "SVK"]

1. Nf3 Nf6 2. c4 e6 3. Nc3 Bb4 4. Qc2 O-O 5. e3 b6 6. Be2 Bb7 7. O-O d5 8. b3
Nbd7 9. cxd5 Nxd5 10. Nxd5 Bxd5 11. Bb2 Be7 12. d4 c5 13. e4 Bb7 14. Rad1 Qc8
15. d5 exd5 16. exd5 Bf6 17. Rfe1 Re8 18. Bc4 Rxe1+ 19. Rxe1 Qf8 20. Qf5 Rd8
21. Bc1 g6 22. Qf4 Re8 23. Rxe8 Qxe8 24. Bb5 Kg7 25. Qd6 Bc8 26. h4 Qe7 27. Bf4
Qxd6 28. Bxd6 Bc3 29. Bxd7 Bxd7 30. Bb8 f6 31. Bxa7 Ba5 32. Nh2 Bf5 33. a3 Bc2
34. b4 cxb4 35. axb4 Bxb4 36. Bxb6 Be4 37. Ng4 1/2-1/2

[Event "Olimpiada de Khanty-Mansiysk 2010"]
[Site "Khanty-Mansiysk RUS"]
[Date "2010.09.25"]
[Round "5"]
[White "Petrik, Tomas"]
[Black "Zhou, Jianchao"]
[Result "1/2-1/2"]
[WhiteElo "2528"]
[BlackElo "2660"]
[PlyCount "216"]
[EventDate "2010.09.21"]
[EventType "team"]
[EventRounds "11"]
[EventCountry "RUS"]
[Source "lmi"]
[SourceDate "2010.09.21"]
[WhiteTeam "Eslovaquia"]
[BlackTeam "China"]
[WhiteTeamCountry "SVK"]
[BlackTeamCountry "CHN"]

1. e4 c5 2. Nf3 d6 3. d4 cxd4 4. Nxd4 Nf6 5. Nc3 a6 6. Be3 e5 7. Nf3 Be7 8. Bc4
O-O 9. O-O Nc6 10. Bg5 Be6 11. Bb3 Nd7 12. Bxe7 Qxe7 13. Nd5 Qd8 14. Qe2 Nc5
15. Rfd1 Kh8 16. h3 b5 17. Rd2 Ra7 18. Rad1 Rd7 19. c3 Na5 20. Qe3 Naxb3 21.
axb3 Nxb3 22. Rd3 Nc5 23. R3d2 f6 24. Nh4 Na4 25. b3 Nc5 26. b4 Na4 27. Nf5 g6
28. Ng3 Kg7 29. Ra1 Rb7 30. h4 Nb6 31. Nxb6 Qxb6 32. Qf3 Qc6 33. h5 Rd7 34. Qe3
Rfd8 35. Rad1 d5 36. f4 exf4 37. Qxf4 Qxc3 38. Rd4 Qc7 39. h6+ Kf7 40. Qxc7
Rxc7 41. exd5 Bf5 42. d6 Rc4 43. Nxf5 gxf5 44. Rxc4 bxc4 45. Rc1 Rxd6 46. Rxc4
Rb6 47. Kf2 Kg6 48. Rf4 Kg5 49. Kg3 Rc6 50. Rd4 Rb6 51. Rf4 Kg6 52. Kf3 Rc6 53.
Rd4 Kxh6 54. Rd5 Kg5 55. b5 Rc3+ 56. Kf2 axb5 57. Rxb5 Kg4 58. Rb7 Rc2+ 59. Kg1
h6 60. Rg7+ Kh5 61. Rf7 Kg6 62. Rf8 Kg7 63. Ra8 h5 64. Ra5 Kg6 65. Ra8 f4 66.
Rg8+ Kh7 67. Ra8 Kg6 68. Rg8+ Kf5 69. Rh8 f3 70. gxf3 Kg5 71. Rh7 Rc5 72. Kg2
Kf4 73. Rh8 Ke3 74. Rh6 Rf5 75. Kg3 Rxf3+ 76. Kg2 Rf5 77. Kg3 Ke4 78. Rh8 Rg5+
79. Kh4 Kf5 80. Ra8 Rg1 81. Ra5+ Kg6 82. Ra8 Rg4+ 83. Kh3 f5 84. Ra6+ Kg5 85.
Ra8 h4 86. Rg8+ Kf4 87. Ra8 Rg1 88. Ra7 Rh1+ 89. Kg2 Re1 90. Rh7 Kg5 91. Rg7+
Kf6 92. Rh7 Re4 93. Rh8 Kg5 94. Rg8+ Kf4 95. Kh3 Kf3 96. Rg3+ Kf2 97. Rg2+ Ke3
98. Ra2 Kf3 99. Ra5 f4 100. Kxh4 Kf2 101. Kh3 Re3+ 102. Kh2 Rd3 103. Ra2+ Ke3
104. Kg2 Rd4 105. Ra3+ Ke2 106. Ra2+ Ke3 107. Ra3+ Ke4 108. Kf2 Rd2+ 1/2-1/2

[Event "Olimpiada de Khanty-Mansiysk 2010"]
[Site "Khanty-Mansiysk RUS"]
[Date "2010.09.25"]
[Round "5"]
[White "Bruzon Batista, Lazaro"]
[Black "Godena, Michele"]
[Result "1/2-1/2"]
[WhiteElo "2679"]
[BlackElo "2551"]
[PlyCount "59"]
[EventDate "2010.09.21"]
[EventType "team"]
[EventRounds "11"]
[EventCountry "RUS"]
[Source "lmi"]
[SourceDate "2010.09.21"]
[WhiteTeam "Cuba"]
[BlackTeam "Italia"]
[WhiteTeamCountry "CUB"]
[BlackTeamCountry "ITA"]

1. d4 d5 2. c4 dxc4 3. e3 Nf6 4. Bxc4 a6 5. Nf3 b5 6. Bd3 Bb7 7. O-O e6 8. a4
b4 9. Nbd2 Nbd7 10. Re1 c5 11. a5 cxd4 12. exd4 Be7 13. Nc4 O-O 14. Bf4 Nd5 15.
Bg3 N7f6 16. Nfe5 g6 17. h3 Rc8 18. Bh2 Ne8 19. Nd2 Nd6 20. Nb3 Nf5 21. Qe2 Nc7
22. Bxf5 exf5 23. Nc5 Bxc5 24. dxc5 Ne6 25. Rad1 Qg5 26. f3 Nxc5 27. Qc4 Nd7
28. Qf4 Qxf4 29. Bxf4 Nxe5 30. Bxe5 1/2-1/2

[Event "Olimpiada de Khanty-Mansiysk 2010"]
[Site "Khanty-Mansiysk RUS"]
[Date "2010.09.25"]
[Round "5"]
[White "Corrales Jimenez, Fidel"]
[Black "Brunello, Sabino"]
[Result "1/2-1/2"]
[WhiteElo "2599"]
[BlackElo "2497"]
[PlyCount "81"]
[EventDate "2010.09.21"]
[EventType "team"]
[EventRounds "11"]
[EventCountry "RUS"]
[Source "lmi"]
[SourceDate "2010.09.21"]
[WhiteTeam "Cuba"]
[BlackTeam "Italia"]
[WhiteTeamCountry "CUB"]
[BlackTeamCountry "ITA"]

1. e4 c6 2. c4 d5 3. cxd5 cxd5 4. exd5 Nf6 5. d4 Nxd5 6. Nc3 e6 7. Nf3 Bb4 8.
Bd2 Nc6 9. Bd3 O-O 10. O-O Nf6 11. a3 Be7 12. Be3 b6 13. Qc2 Bb7 14. Rad1 g6
15. Qe2 Qb8 16. h3 Re8 17. Bc4 Bf8 18. Rfe1 Bg7 19. Bg5 a6 20. Ne5 b5 21. Ba2
Qc7 22. Bxf6 Bxf6 23. Ne4 Bg7 24. Rc1 Qb6 25. Nxc6 Bxc6 26. Nd6 Bf3 27. Qxf3
Qxd6 28. d5 exd5 29. Bxd5 Rxe1+ 30. Rxe1 Rf8 31. b4 Qc7 32. g3 Rd8 33. Re4 Ba1
34. Rf4 Rd7 35. Qb3 Kg7 36. h4 h5 37. Kg2 Bf6 38. Rf3 Qe5 39. Bc6 Rc7 40. Re3
Qd4 41. Bd5 1/2-1/2

[Event "Olimpiada de Khanty-Mansiysk 2010"]
[Site "Khanty-Mansiysk RUS"]
[Date "2010.09.25"]
[Round "5.2"]
[White "Salgado Lopez, Ivan"]
[Black "Hammer, Jon Ludvig"]
[Result "1/2-1/2"]
[WhiteElo "2595"]
[BlackElo "2633"]
[PlyCount "39"]
[EventDate "2010.09.21"]
[EventType "team"]
[EventRounds "11"]
[EventCountry "RUS"]
[Source "lmi"]
[SourceDate "2010.09.21"]
[WhiteTeam "España"]
[BlackTeam "Noruega"]
[WhiteTeamCountry "ESP"]
[BlackTeamCountry "NOR"]

1. d4 Nf6 2. c4 e6 3. Nf3 d5 4. Bg5 h6 5. Bxf6 Qxf6 6. Nbd2 Nd7 7. g3 Bb4 8.
Bg2 O-O 9. O-O Bxd2 10. Qxd2 dxc4 11. Qc3 Re8 12. Ne5 c5 13. Nxc4 cxd4 14. Qa3
Qe7 15. Rac1 Nb6 16. Qxe7 Rxe7 17. f4 e5 18. Nxe5 f6 19. Nf3 Rxe2 20. Rf2
1/2-1/2

[Event "Olimpiada de Khanty-Mansiysk 2010"]
[Site "Khanty-Mansiysk RUS"]
[Date "2010.09.25"]
[Round "5.3"]
[White "Elsness, Frode"]
[Black "Magem Badals, Jordi"]
[Result "1/2-1/2"]
[WhiteElo "2485"]
[BlackElo "2589"]
[PlyCount "44"]
[EventDate "2010.09.21"]
[EventType "team"]
[EventRounds "11"]
[EventCountry "RUS"]
[Source "lmi"]
[SourceDate "2010.09.21"]
[WhiteTeam "Noruega"]
[BlackTeam "España"]
[WhiteTeamCountry "NOR"]
[BlackTeamCountry "ESP"]

1. d4 d5 2. c4 dxc4 3. e3 c5 4. Bxc4 cxd4 5. Nf3 Qc7 6. Bb3 dxe3 7. Bxe3 e6 8.
O-O Nf6 9. Nc3 Nc6 10. Nb5 Qa5 11. Nd6+ Bxd6 12. Qxd6 Ne4 13. Qf4 Qf5 14. Qh4
Nf6 15. Bg5 h6 16. Rac1 Rg8 17. Be3 Qg4 18. Qxg4 Nxg4 19. Bc5 Nf6 20. Rfd1 Bd7
21. Bc4 a6 22. Bb6 Rc8 1/2-1/2

[Event "Olimpiada de Khanty-Mansiysk 2010"]
[Site "Khanty-Mansiysk RUS"]
[Date "2010.09.25"]
[Round "5.4"]
[White "Alsina Leal, Daniel"]
[Black "Urkedal, Frode"]
[Result "1-0"]
[WhiteElo "2523"]
[BlackElo "2430"]
[PlyCount "58"]
[EventDate "2010.09.21"]
[EventType "team"]
[EventRounds "11"]
[EventCountry "RUS"]
[Source "lmi"]
[SourceDate "2010.09.21"]
[WhiteTeam "España"]
[BlackTeam "Noruega"]
[WhiteTeamCountry "ESP"]
[BlackTeamCountry "NOR"]

1. e4 c5 2. Nf3 d6 3. d4 cxd4 4. Nxd4 Nf6 5. Nc3 a6 6. Bg5 Nbd7 7. Qe2 e6 8. f4
Be7 9. O-O-O h6 10. Bh4 O-O 11. g3 Qc7 12. Bg2 Nb6 13. g4 Nxe4 14. Nxe4 Bxh4
15. g5 d5 16. Qg4 f5 17. Nf6+ Rxf6 18. Qxh4 Rg6 19. Kb1 hxg5 20. Qh5 Qf7 21.
Nf3 Rf6 22. Qxg5 Nc4 23. Bf1 Nd6 24. Ne5 Qf8 25. Rg1 Ne4 26. Qh4 b5 27. Rd3 Qb4
28. c3 Qa4 29. Be2 Nc5 1-0

[Event "Olimpiada de Khanty-Mansiysk 2010"]
[Site "Khanty-Mansiysk RUS"]
[Date "2010.09.25"]
[Round "5"]
[White "Pridorozhni, Aleksei"]
[Black "Mikhalevski, Victor"]
[Result "1-0"]
[WhiteElo "2556"]
[BlackElo "2610"]
[PlyCount "93"]
[EventDate "2010.09.21"]
[EventType "team"]
[EventRounds "11"]
[EventCountry "RUS"]
[Source "lmi"]
[SourceDate "2010.09.21"]
[WhiteTeam "RU3"]
[BlackTeam "Israel"]
[BlackTeamCountry "ISR"]

1. e4 e5 2. Bc4 Nf6 3. d3 c6 4. Nf3 d5 5. Bb3 Bd6 6. Nc3 dxe4 7. Ng5 O-O 8.
Ncxe4 Nxe4 9. Nxe4 Bf5 10. Qf3 Bxe4 11. dxe4 Nd7 12. c3 a5 13. O-O a4 14. Bc2
Qe7 15. g3 b5 16. h4 Nc5 17. Bg5 f6 18. Be3 Kh8 19. Rfd1 Rfd8 20. h5 Ne6 21. b4
axb3 22. Bxb3 Bc5 23. Rxd8+ Rxd8 24. Bxe6 Bxe3 25. Bb3 Bg5 26. Rd1 g6 27. Rxd8+
Qxd8 28. hxg6 hxg6 29. Qg4 Qe8 30. Be6 Qe7 31. Bd7 f5 32. exf5 Qxd7 33. Qxg5
gxf5 34. Qf6+ Kh7 35. Qxe5 Kg6 36. Kg2 Kf7 37. a3 Kg6 38. Qd4 Qe6 39. Kf1 Kf7
40. a4 bxa4 41. Qxa4 Kg6 42. Qd4 Kf7 43. Kg2 Kg8 44. Kf3 c5 45. Qe3 Qc4 46.
Qg5+ Kh8 47. Qh4+ 1-0